00634 2200193 4500001002100000005001500021035002000036245004000056100001700096250001700113300002800130260003100158082000800189084001400197020002200211650002100233520016500254500002100419INLIS00000000000001920240319041624 a0010-03240000191 aDi Mana Semua Orang /cLia Herliana0 aLia Herliana acetakan ke-1 a36 hlm :bilus ;c19 cm aSolo :bTiga Ananda,c2018 a813 a813 LIA d a978-602-366-468-9 4aCerita Bergambar aAduh, saat kunjungan ke Museurn Transportasi, Ega terpisah dari rombongannya. Apa yang harus Ega lakukan, ya? Ayo, ikuti cerita Ega berhati-hati di tempat umum. aSeri Waspada Yuk